Risultati Serie A 2023-2024 - 22ª giornata - Statistics

Statistiche generali
  • Questo quiz è stato fatto 4 volte
  • Il punteggio medio è 5 su 10
Statistiche sulle risposte
Hint Risposta % Corretto
Fiorentina-Inter 0-1
67%
Monza-Sassuolo 1-0
67%
Juventus-Empoli 1-1
67%
Cagliari-Torino 1-2
67%
Salernitana-Roma 1-2
67%
Atalanta-Udinese 2-0
67%
Milan-Bologna 2-2
67%
Genoa-Lecce 2-1
33%
Lazio-Napoli 0-0
0%
Verona-Frosinone 1-1
0%
Nessun quiz corrispondente trovato
Distribuzione punteggi
Percentuale di utenti per punteggio
Percentile per numero di risposta
I tuoi punteggi nel tempo
Non hai fatto questo quiz